| 000 | 00424nam a22001577a 4500 | ||
|---|---|---|---|
| 999 |
_c15613 _d15613 |
||
| 003 | OSt | ||
| 008 | 190520b ||||| |||| 00| 0 eng d | ||
| 020 | _a9789380428130 | ||
| 082 | _a551.48 | ||
| 100 |
_aBelsare, D K _94101 |
||
| 245 | _aHydrology and hydrobiology of streams and rivers of Indian sub - continent | ||
| 250 | _a1st ed. | ||
| 260 |
_aDelhi _bNarendra Publishing House _c2010 |
||
| 300 | _a162 p. | ||
| 942 | _cBK | ||